Easy flag geography trivia! Part #3 - Statistics

General Stats
  • This quiz has been taken 24 times
  • The average score is 48 of 59
Answer Stats
Question Tile Select % Correct
Select the modern flags of the Axis power during WWII No
95%
Select the modern flags of the Axis power during WWII No
90%
Select the modern flags of the Axis power during WWII No
90%
Select the modern flags of the Axis power during WWII No
90%
Select the Non-Country flag Yes
90%
Select the Non-Country flag No
90%
Select the Non-Country flag No
90%
Select the North Korean flag No
90%
Select the North Korean flag No
90%
Select the North Korean flag No
90%
Select the North Korean flag No
90%
Select the flags that begin with Z No
90%
Select the flags that begin with Z No
90%
Select the flags that begin with Z No
90%
Select the flags that begin with Z No
90%
Select the flags that begin with Z No
90%
Select the Serbian flag No
90%
Select the Serbian flag No
90%
Select the South American Flags! No
90%
Select the South American Flags! No
90%
Select the modern flags of the Axis power during WWII Yes
85%
Select the modern flags of the Axis power during WWII No
85%
Select the modern flags of the Axis power during WWII No
85%
Select the North Korean flag No
85%
Select the North Korean flag Yes
85%
Select the Serbian flag Yes
85%
Select the Serbian flag No
85%
Select the South American Flags! No
85%
Select the South American Flags! Yes
85%
Select the South American Flags! Yes
85%
Select the South American Flags! No
85%
Bonus! This one's Hard! Select the Bolivian Flag No
85%
Bonus! This one's Hard! Select the Bolivian Flag No
85%
Bonus! This one's Hard! Select the Bolivian Flag No
85%
Bonus! This one's Hard! Select the Bolivian Flag No
85%
Bonus! This one's Hard! Select the Bolivian Flag No
85%
Select the Caribbean flags No
80%
Select the Caribbean flags No
80%
Select the Caribbean flags No
80%
Select the Caribbean flags No
80%
Select the flags that begin with Z No
80%
Select the flags that begin with Z Yes
80%
Select the South American Flags! Yes
80%
Select the South American Flags! No
80%
Bonus! This one's Hard! Select the Bolivian Flag No
80%
Select the Non-Country flag No
75%
Bonus! This one's Hard! Select the Bolivian Flag No
75%
Select the modern flags of the Axis power during WWII Yes
70%
Select the modern flags of the Axis power during WWII Yes
70%
Select the Caribbean flags Yes
70%
Select the Caribbean flags Yes
70%
Select the Caribbean flags Yes
70%
Select the flags that begin with Z Yes
70%
Select the flags that begin with Z No
70%
Select the South American Flags! Yes
70%
Bonus! This one's Hard! Select the Bolivian Flag No
65%
Select the Caribbean flags No
60%
Select the Caribbean flags Yes
50%
Bonus! This one's Hard! Select the Bolivian Flag Yes
50%
No matching quizzes found
Score Distribution
Percent of People with Each Score
Percentile by Number Answered
Your Score History
You have not taken this quiz